00842nam a2200181 a 450000100100000000500170001000800410002702000150006804000250008308200130010811101370012124501370025826000720039530000280046770000370049595201110053299900170064300004191920201002035830.0131022s1986 sp 000 0 spa d a8400062523 aDO-SdBNPbspacBNPHU axxxbxxx1 aReunión de Parlamentarios Iberoamericanos sobre Ciencia y Tecnologían(11 al 15 de noviembre :d1985cMadrid y Salamanca)96882010aSesiones de la reunión de parlamentarios iberoamericanos sobre ciencia y tecnología /cedición a cargo de Alíder Cragnolini. aMadrid :bConsejo Superior de Investigaciones Científicas,c1986. a295 p. :bil. ;c24 cm.12aCragnolini, Alídereed.968821 001050718MOaGRbGRcCTd2013-10-22iLF1l0oxxx xxxp41919-10r2020-06-25w2020-06-25y1ZNo se presta c41408d41408